000 01414nam0a2200301 4500
001 RU\NLR\BIBL_A\012730233
005 20260407233417.0
035 _a(NLR Aleph) 012730233
090 _a12969486
_c12969486
100 _a20181106d1914 |||y0rusy50 ca
101 0 _arus
102 _aRU
105 _ay g 000zy
200 1 _aПрейс-курант товарищества Нарвской Льнопрядильной Мануфактуры, бывшей Льнопрядильной Фабрики Барона А.Л. Штиглица
_e1 сентября 1914 г.
_fПравление Товарищества в Петрограде
210 _aПетроград
_cТипо-Литогр. В. Кене и Кº
_d1914
215 _a13 с.
_d21
606 1 _aПарусина
_jПрейскуранты
_91191236
_3RU\NLR\AUTH\66163040
606 1 _aБрезент
_jПрейскуранты
_91191233
_3RU\NLR\AUTH\66163039
606 1 _aЛьняные ткани
_jПрейскуранты
_xТорговля
_xЦены
_91526445
_3RU\NLR\AUTH\66664226
620 _aRU
_dСанкт-Петербург
686 1 _aМ321-9я87
686 1 _aМ47я87
710 0 2 _aНарвская льнопрядильная мануфактура
_3RU\NLR\AUTH\8810159684
_9814908
852 _aNLR
_j40.3.7.290
942 _cBOOK
980 _aNB